| 000 | 00444nam a2200145Ia 4500 | ||
|---|---|---|---|
| 008 | 231129s2009||||xx |||||||||||||| ||spa|| | ||
| 020 | _a978-958-722-046-9 | ||
| 040 | _bspa | ||
| 082 | _a920.71 R628u | ||
| 100 | _aJorge Roa Martínez | ||
| 245 | 0 | _aJorge Roa Martínez: memoria de una visión cosmopolita | |
| 260 | _c2009 | ||
| 264 | _aEdiciones Universidad Tecnológica de Pereira | ||
| 942 |
_2ddc _cBKS |
||
| 999 |
_c16132 _d16132 |
||